000 00572nam a22002417a 4500
005 20250722134332.0
008 180430b2003 xxu||||| |||| 00| 0 spa d
020 _a1405414197
041 _aESP
082 _a615.5 G943g
245 _aGuía de remedios curativos
260 _aEspaña
260 _bParragon
260 _c2003
300 _a256 páginas
490 _aTemática General
650 _aREMEDIOS CURATIVOS
650 _aHOMEOPATÍA
650 _aACEITES ESENCIALES
650 _aCRISTALES
650 _aREMEDIOS CASEROS
942 _cBK
_2ddc
999 _c10611
_d10611